000 00445nam a22001697a 4500
005 20251108170019.0
008 250721s1993 xx 000 0 ara d
082 1 4 _a636.5/شرب
100 1 _aالشربيني، أيمن
245 1 0 _aتربية الحمام /
264 1 _aالقاهرة :
_c1993.
300 _a207ص
650 1 7 _aالحمام
650 1 7 _aتربية الطيور الداجنة
942 _2ddc
_cBK
999 _c37427
_d37427